1171 1848 1814 1169 1952 1956 1542 1323 1000 1081 1829 1979 1251 1076 1917 1105 1276 1803 1021 1436 1679 1818 1820 1301 1020 1338 1677 1136 1662 1540 1002 1666 1599 1369 1440 1593 1196 1340 1552 1837 1023 1421 1491 1629 1771 1731 1815 1051 1865 1033 1225 1425 1038 1437 1406 1161 1448 1130 1141 1091 1928 1684 1219 1155 1155 1390 1817 1802 1579 1444 1513 1414 1189 1901 1304 1241 1816 1974 1662 1118 1318 1198 1323 1990 1239 1888 1039 1714 1847 1558 1607 1382 1726 1456 1484 1204 1084 1938 1402 BCNSPRNW ULIB Ver.6.0+V

เปลี่ยนเป็นภาษาไทย

Change to English
 แสดงรายละเอียดบรรณานุกรม
  กลับหน้าหลัก

Brief Record : Get Marc (ISO 2709) : E-mail record : QR code < ปิดหน้าต่าง
LEADER : 00000nam 2200000uu 4500
001    13399127564
003     ULIB
008    210202s2560||||th 000 0 tha d
020    ^a9786169203568
060  4 ^aWO500^bต367
100 0  ^aเฉนียน เรืองเศรษฐกิจ, บรรณาธิการ
245 10 ^aตำราหัตถการพื้นฐานศัลยศาสตร์ /^cบรรณาธิการ, เฉนียน เรืองเศรษฐกิจ, พลากร สุรกุลประภา, กษยา ตันติผลาชีวะ, ธีรนุช บุญพิพัฒนาพงศ์ และ บูรพา กาญจนบัตร
250    ^aพิมพ์ครั้งที่ 2
260    ^aกรุงเทพฯ :^bราชวิทยาลัยศัลยแพทย์แห่งประเทศไทย, ^c2560
300    ^a320 หน้า :^bภาพประกอบสี ;^c21 ซม
500    ^aผู้ใหญ่
504    ^aบรรณานุกรมท้ายบท
505 0  ^aการล้างมือ การสวมเสื้อกาวน์ และเทคนิคปลอดเชื้อเบื้องต้น --เครื่องมือพื้นฐานทางศัลยกรรม -- การป้องกันอุบัติเหตุทางการแพทย์ --การดูแลแผลและสายระบาย --การฉีดยาระงับความรู้สึกเฉพาะที่และการฉีดยาชาที่นิ้ว -- การเย็บและการผูก-- การผ่าตัดก้อนทูมผิวหนังชนิดเป็นถุง และก้อนไขมันใต้ผิวหนัง --การตรวจทางทวารหนัก -- การใส่สายทางจมูกลงสู่กระเพาะอาหาร --หัตถการพื้นฐานของเล็บ -- การใส่สายสวนกระเพาะปัสสาวะ --การดูแลทวารเทียม -- การใส่สายสวนหลอดเลือดดำส่วนกลาง --การใส่ท่อระบายทรวงอก -- การผ่าตัดไส้ติ่ง
650  2 ^aSurgical Instruments
650  7 ^aศัลยศาสตร์
650  7 ^aอุปกรณ์และเครื่องมือศัลยกรรม
700 0  ^aพลากร สุรกุลประภา,^eบรรณาธิการ
700 0  ^aกษยา ตันติผลาชีวะ,^eบรรณาธิการ
700 0  ^aธีรนุช บุญพิพัฒนาพงศ์ ,^eบรรณาธิการ
700 0  ^aบูรพา กาญจนบัตร,^eบรรณาธิการ
710 2  ^aราชวิทยาลัยศัลยแพทย์แห่งประเทศไทย
945    ^p300^l0^i007494
945    ^p300^l0^i007495
945    ^p300^l0^i007496
945    ^p300^l0^i007497
945    ^p300^l0^i007498
999    ^aประนอม เกษจรัล
รายการนี้ยังไม่มีแท็ก
คุณยังไม่ได้ล็อกอิน คุณสามารถมีกิจกรรมร่วมกับเว็บไซต์ได้ แต่ต้องล็อกอินก่อน ::
  ล็อกอิน

รายการสื่อสารสนเทศ

ลำดับที่ ประเภท เลขเรียก/บาร์โค้ด สถานที่ สถานะ
1. วิทยาศาสตร์การแพทย์ และสุขภาพ
หนังสือสำรอง
สถานะ=หนังสือสำรอง
WO500 ต367 ฉ.1 
  Barcode: 007494
ห้องสมุดวิทยาเขตสวรรค์ประชารักษ์
►หนังสือทั่วไป
บนชั้น
2. วิทยาศาสตร์การแพทย์ และสุขภาพ
วิทยาศาสตร์การแพทย์ และสุขภาพ
WO500 ต367 ฉ.2 
  Barcode: 007495
ห้องสมุดวิทยาเขตสวรรค์ประชารักษ์
►หนังสือทั่วไป
บนชั้น
3. วิทยาศาสตร์การแพทย์ และสุขภาพ
วิทยาศาสตร์การแพทย์ และสุขภาพ
WO500 ต367 ฉ.3 
  Barcode: 007496
ห้องสมุดวิทยาเขตสวรรค์ประชารักษ์
►หนังสือทั่วไป
บนชั้น
4. วิทยาศาสตร์การแพทย์ และสุขภาพ
วิทยาศาสตร์การแพทย์ และสุขภาพ
WO500 ต367 ฉ.4 
  Barcode: 007497
ห้องสมุดวิทยาเขตสวรรค์ประชารักษ์
►หนังสือทั่วไป
บนชั้น
5. วิทยาศาสตร์การแพทย์ และสุขภาพ
วิทยาศาสตร์การแพทย์ และสุขภาพ
WO500 ต367 ฉ.5 
  Barcode: 007498
ห้องสมุดวิทยาเขตสวรรค์ประชารักษ์
►หนังสือทั่วไป
บนชั้น

รายการใกล้เคียง
    ผู้แต่ง [เฉนียน เรืองเศรษฐกิจ, บรรณาธิการ]

    หัวเรื่อง [Surgical Instruments]
    หัวเรื่อง [ศัลยศาสตร์]
    หัวเรื่อง [อุปกรณ์และเครื่องมือศัลยกรรม]

BibComment


ยังไม่เคยถูกคอมเมนท์

คอมเมนท์ทรัพยากรรายการนี้
  คอมเมนท์: ตำราหัตถการพื้นฐ..


 Copyright 2026. Bcnsprnw @Library